[Event "CZE-chT2D 1920"]
[White "Nyvlt, Otto"]
[Black "Smolej, Lukas"]
[Site "Czech Republic"]
[Round "10.7"]
[Result "0-1"]
[Date "2020.06.27"]
[WhiteElo "1869"]
[BlackElo "1996"]
[PlyCount "52"]
[EventDate "2019.10.13"]
[EventType "team-tourn"]
[EventRounds "11"]
[EventCountry "CZE"]
[SourceTitle "EXT 2024"]
[Source "ChessBase"]
[SourceDate "2023.10.10"]
[SourceVersion "1"]
[SourceVersionDate "2023.10.10"]
[SourceQuality "1"]
[WhiteTeam "Nachod Snezka"]
[BlackTeam "Hradec Kralove Slavia"]
[WhiteTeamCountry "CZE"]
[BlackTeamCountry "CZE"]

1. c4 d5 2. d4 Nc6 3. e3 Nf6 4. Nc3 e6 5. Nf3 Bd6 6. Be2 dxc4 7. Bxc4 Qe7 8. 0-0 Bd7 9. e4 e5 10. d5 Nd4 11. Nxd4 exd4 12. e5 Bxe5 13. f4 dxc3 14. fxe5 Qc5+ 15. Kh1 Qxc4 16. exf6 0-0-0 17. Rf4 c2 18. Qf3 Rhe8 19. Be3 Qd3 20. Bg1 Qd2 21. Rc4 Re2 22. Qa3 a6 23. Qc5 c6 24. Qd4 Rxg2 25. Qxd2 Rxd2 26. fxg7 Bh3 0-1

[Event "CZE-chT2D 1920"]
[White "Smolej, Lukas"]
[Black "Macek, Ondrej"]
[Site "Czech Republic"]
[Round "3.8"]
[Result "0-1"]
[Date "2019.11.17"]
[WhiteElo "1996"]
[BlackElo "1930"]
[PlyCount "53"]
[EventDate "2019.10.13"]
[EventType "team-tourn"]
[EventRounds "11"]
[EventCountry "CZE"]
[SourceTitle "EXT 2024"]
[Source "ChessBase"]
[SourceDate "2023.10.10"]
[SourceVersion "1"]
[SourceVersionDate "2023.10.10"]
[SourceQuality "1"]
[WhiteTeam "Hradec Kralove Slavia"]
[BlackTeam "Pardubice Rapid"]
[WhiteTeamCountry "CZE"]
[BlackTeamCountry "CZE"]

1. d4 Nf6 2. Nc3 d5 3. Bg5 e6 4. e4 dxe4 5. Nxe4 Be7 6. Bxf6 Bxf6 7. Nf3 0-0 8. c3 b6 9. Bd3 Bb7 10. Qe2 Nd7 11. 0-0-0 Qe7 12. h4 c5 13. g4 g6 14. g5 Bg7 15. h5 cxd4 16. cxd4 Bd5 17. Kb1 e5 18. dxe5 Nxe5 19. Nf6+ Bxf6 20. gxf6 Qxf6 21. Nxe5 Bxh1 22. Rxh1 Rfe8 23. Ng4 Qf4 24. Qd1 Rad8 25. hxg6 hxg6 26. Rh4 Kg7 27. Qc2 0-1

[Event "Hradec Kralove op 10th"]
[White "Smolej, Lukas"]
[Black "Svec, Ludek"]
[Site "Hradec Kralove"]
[Round "5"]
[Result "0-1"]
[Date "2019.10.29"]
[WhiteElo "2001"]
[BlackElo "1587"]
[PlyCount "96"]
[EventDate "2019.10.26"]
[EventType "swiss"]
[EventRounds "9"]
[EventCountry "CZE"]
[SourceTitle "CBM 193 Extra"]
[Source "ChessBase"]
[SourceDate "2020.01.31"]
[SourceVersion "1"]
[SourceVersionDate "2020.01.31"]
[SourceQuality "1"]

1. d4 Nf6 2. Nc3 e6 3. Bg5 Be7 4. Nf3 d5 5. Bxf6 Bxf6 6. e4 c6 7. e5 Be7 8. Bd3 Nd7 9. Qd2 a6 10. h4 c5 11. Ng5 Bxg5 12. hxg5 cxd4 13. g6 dxc3 14. Rxh7 Rxh7 15. gxh7 Qh4 16. Qe3 Nf8 17. 0-0-0 cxb2+ 18. Kxb2 Nxh7 19. g3 Qb4+ 20. Kc1 Nf8 21. Rh1 Bd7 22. Rh4 Qa3+ 23. Kd2 Rc8 24. Qb6 Qc5 25. Qxb7 Qxf2+ 26. Kd1 Qg1+ 27. Kd2 Qxg3 28. Rh8 Qxe5 29. Qb4 Qg5+ 30. Kd1 Qe7 31. Qb7 Qd6 32. Qb2 e5 33. Ke1 Rb8 34. Qc1 Qb4+ 35. Ke2 Bg4+ 36. Kf2 Qf4+ 37. Qxf4 exf4 38. Bxa6 Ke7 39. a4 Nd7 40. Rh4 Nf6 41. Bb5 g5 42. Rh1 Rc8 43. Rc1 Ne4+ 44. Kg1 Nc3 45. Re1+ Kd6 46. Be8 Be6 47. Bb5 Nxb5 48. axb5 Rb8 0-1

[Event "Hradec Kralove op"]
[White "Smolej, Lukas"]
[Black "Vochozka, Jindrich"]
[Site "Hradec Kralove"]
[Round "9"]
[Result "1-0"]
[Date "2013.05.21"]
[WhiteElo "1963"]
[BlackElo "1781"]
[PlyCount "39"]
[EventDate "2013.05.15"]
[EventType "swiss"]
[EventRounds "9"]
[EventCountry "CZE"]
[SourceTitle "EXT 2014"]
[Source "ChessBase"]
[SourceDate "2013.11.20"]
[SourceVersion "1"]
[SourceVersionDate "2013.11.20"]
[SourceQuality "1"]

1. d4 d5 2. Nc3 Bf5 3. f3 c6 4. e4 dxe4 5. fxe4 Bg6 6. Nf3 e6 7. Bf4 Qa5 8. Qd2 Bb4 9. Bd3 Nf6 10. 0-0 Bxe4 11. Ng5 Bxd3 12. Qxd3 h6 13. Nxe6 Bxc3 14. bxc3 Nd5 15. Nxg7+ Kf8 16. Bg3 f6 17. Qf5 Qxc3 18. Ne6+ Ke7 19. Rad1 Ne3 20. Qxf6+ 1-0

[Event "Hradec Kralove op"]
[White "Smolej, Lukas"]
[Black "Meszaros, Ludek"]
[Site "Hradec Kralove"]
[Round "7"]
[Result "0-1"]
[Date "2013.05.19"]
[WhiteElo "1963"]
[BlackElo "2113"]
[PlyCount "102"]
[EventDate "2013.05.15"]
[EventType "swiss"]
[EventRounds "9"]
[EventCountry "CZE"]
[SourceTitle "EXT 2014"]
[Source "ChessBase"]
[SourceDate "2013.11.20"]
[SourceVersion "1"]
[SourceVersionDate "2013.11.20"]
[SourceQuality "1"]

1. d4 Nf6 2. Nc3 d5 3. Bg5 Bf5 4. f3 Nbd7 5. g4 Bg6 6. h4 h6 7. Bf4 e6 8. Bg2 Bd6 9. Nh3 Nb6 10. e4 Bb4 11. h5 Bh7 12. Qe2 Qe7 13. 0-0 Bxc3 14. bxc3 Qa3 15. Bxc7 Qxc3 16. Bxb6 axb6 17. Qb5+ Nd7 18. exd5 Ra5 19. Qe2 Qxd4+ 20. Kh1 Qxd5 21. Rad1 Qe5 22. Qc4 Rc5 23. Qa4 Qc7 24. Qd4 e5 25. Rfe1 Nf6 26. Qa4+ Ke7 27. c4 Rd8 28. Rxd8 Qxd8 29. Qb4 Qc7 30. f4 Nxg4 31. fxe5 Kf8 32. Nf4 Qd8 33. e6 Qh4+ 34. Nh3 fxe6 35. Rf1+ Kg8 36. Qxb6 Re5 37. Qxb7 Bf5 38. Qb3 Re3 39. Qb8+ Kh7 40. Kg1 Rxh3 41. Bxh3 Qxh3 42. Qf4 Qa3 43. Rf3 Qa7+ 44. Kh1 Qxa2 45. Qg3 Qb1+ 46. Kg2 Qc2+ 47. Kg1 Qxc4 48. Rf4 Qc1+ 49. Kg2 Ne3+ 50. Kf3 Nd5 51. Rxf5 Qe3+ 0-1

[Event "CZE-chT2D 1213"]
[White "Smolej, Lukas"]
[Black "Dosedel, Jiri"]
[Site "Czech Republic"]
[Round "7.6"]
[Result "1-0"]
[Date "2013.01.20"]
[WhiteElo "1985"]
[BlackElo "2083"]
[PlyCount "77"]
[EventDate "2012.10.14"]
[EventType "team-tourn"]
[EventRounds "11"]
[EventCountry "CZE"]
[SourceTitle "EXT 2016"]
[Source "ChessBase"]
[SourceDate "2015.10.08"]
[SourceVersion "1"]
[SourceVersionDate "2015.10.08"]
[SourceQuality "1"]
[WhiteTeam "Hradec Kralove II"]
[BlackTeam "Vysoke Myto"]
[WhiteTeamCountry "CZE"]
[BlackTeamCountry "CZE"]

1. d4 Nf6 2. Nc3 g6 3. Bg5 Bg7 4. e4 h6 5. Bf4 d6 6. Qd2 c6 7. Nf3 Bg4 8. Be2 Qc7 9. h3 Bxf3 10. Bxf3 e5 11. dxe5 dxe5 12. Be3 Nbd7 13. a4 0-0-0 14. a5 Kb8 15. b4 Nc5 16. Qe2 Ne6 17. 0-0 Nd4 18. Qc4 Ne8 19. Rfd1 Nd6 20. Qa2 f5 21. b5 N4xb5 22. Nxb5 cxb5 23. a6 b6 24. Rdb1 f4 25. Bc1 Qc3 26. Ba3 Nc4 27. Rb3 Qa5 28. Rab1 Rd4 29. Be2 Qd2 30. Bd3 Bf8 31. Bxf8 Rxf8 32. Rxb5 Rc8 33. Qa1 Rxd3 34. cxd3 Qxd3 35. Rxe5 Nxe5 36. Qxe5+ Ka8 37. Ra1 g5 38. Qe7 Kb8 39. Qb7# 1-0

[Event "Hradec Kralove op"]
[White "Smolej, Lukas"]
[Black "Parizek, Vojtech"]
[Site "Hradec Kralove"]
[Round "8"]
[Result "1-0"]
[Date "2012.05.18"]
[WhiteElo "1983"]
[BlackElo "1713"]
[PlyCount "107"]
[EventDate "2012.05.12"]
[EventType "swiss"]
[EventRounds "9"]
[EventCountry "CZE"]
[SourceTitle "CBM 148 Extra"]
[Source "ChessBase"]
[SourceDate "2012.06.22"]
[SourceVersion "1"]
[SourceVersionDate "2012.06.22"]
[SourceQuality "1"]

1. e3 e5 2. e4 Nf6 3. Nc3 Bb4 4. f4 Nc6 5. fxe5 Nxe5 6. d4 Nxe4 7. dxe5 Nxc3 8. Qg4 Qe7 9. Nf3 f5 10. Qxf5 d6 11. Qd3 Nxa2+ 12. c3 Nxc1 13. Qb5+ c6 14. Qxb4 a5 15. Qa3 Bg4 16. Rxc1 Bxf3 17. gxf3 Qxe5+ 18. Kf2 0-0 19. Bg2 Rae8 20. Rce1 Qf4 21. Qb3+ d5 22. Qd1 Qh4+ 23. Kf1 Qc4+ 24. Kf2 Qh4+ 25. Kf1 Qc4+ 26. Re2 Re6 27. b3 Qg4 28. Rxe6 Qxe6 29. Kf2 b5 30. Re1 Qd6 31. Kg1 Rf4 32. Qe2 h6 33. Qe6+ Qxe6 34. Rxe6 Rf6 35. Re2 Kf7 36. Kf2 Re6 37. Ra2 b4 38. Bh3 Rd6 39. cxb4 axb4 40. Ke3 c5 41. Ra7+ Kf6 42. Rc7 c4 43. bxc4 b3 44. c5 b2 45. Rb7 Rc6 46. Kd4 Kg5 47. Rxb2 Rf6 48. Bg2 Kf4 49. Kxd5 Rf5+ 50. Kd4 Rf8 51. c6 Rd8+ 52. Kc5 Ke5 53. Re2+ Kf6 54. c7 1-0

[Event "Hradec Kralove op"]
[White "Kirs, Pavel"]
[Black "Smolej, Lukas"]
[Site "Hradec Kralove"]
[Round "5"]
[Result "0-1"]
[Date "2012.05.15"]
[WhiteElo "1789"]
[BlackElo "1983"]
[PlyCount "58"]
[EventDate "2012.05.12"]
[EventType "swiss"]
[EventRounds "9"]
[EventCountry "CZE"]
[SourceTitle "CBM 148 Extra"]
[Source "ChessBase"]
[SourceDate "2012.06.22"]
[SourceVersion "1"]
[SourceVersionDate "2012.06.22"]
[SourceQuality "1"]

1. e4 e5 2. Nf3 Nc6 3. Bb5 f5 4. d3 fxe4 5. dxe4 Nf6 6. 0-0 Bc5 7. Nc3 d6 8. Qe2 Bg4 9. Na4 Bb6 10. Nxb6 axb6 11. Qd3 Bxf3 12. Qxf3 0-0 13. Bc4+ Kh8 14. c3 Qe8 15. a3 Qg6 16. Bd3 Nh5 17. Qe2 Nd8 18. f3 Ne6 19. Bc2 Rf6 20. Bd2 Raf8 21. Rf2 Nef4 22. Bxf4 Nxf4 23. Qc4 Nh3+ 24. Kf1 Nxf2 25. Kxf2 Qh6 26. h3 c6 27. Rf1 Rg6 28. Qe2 Qh4+ 29. Ke3 Qg5+ 0-1

[Event "CZE-chT2D 1112"]
[White "Trojan, Lubos"]
[Black "Smolej, Lukas"]
[Site "Czech Republic"]
[Round "8.8"]
[Result "1-0"]
[Date "2012.02.19"]
[WhiteElo "2032"]
[BlackElo "2031"]
[PlyCount "119"]
[EventDate "2011.10.09"]
[EventType "team-tourn"]
[EventRounds "11"]
[EventCountry "CZE"]
[SourceTitle "EXT 2013"]
[Source "ChessBase"]
[SourceDate "2012.11.22"]
[SourceVersion "1"]
[SourceVersionDate "2012.11.22"]
[SourceQuality "1"]
[WhiteTeam "Polabiny III"]
[BlackTeam "Hradec Kralove II"]
[WhiteTeamCountry "CZE"]
[BlackTeamCountry "CZE"]

1. Nf3 Nc6 2. d4 d5 3. Bf4 Bg4 4. Nbd2 Nf6 5. e3 e6 6. c3 Bd6 7. Qa4 Bxf4 8. exf4 0-0 9. Bd3 a6 10. Qc2 Ne7 11. Ne5 Bf5 12. h3 Bxd3 13. Qxd3 Ng6 14. g3 c5 15. 0-0 c4 16. Qc2 Nxe5 17. fxe5 Nh5 18. Nf3 f6 19. Qe2 Qe8 20. Kh2 f5 21. Rg1 Qe7 22. Nd2 Qg5 23. f4 Qg6 24. Raf1 Qh6 25. Nf3 g6 26. Ng5 Rae8 27. Qe3 Kh8 28. Rg2 Ng7 29. Rh1 Qh5 30. Nf3 b5 31. Kg1 Rb8 32. Kh2 b4 33. cxb4 Rxb4 34. Qa3 Rfb8 35. Ng5 Kg8 36. Rf1 h6 37. Nf3 R8b6 38. Rff2 Kf7 39. Qe3 Ra4 40. b3 Rab4 41. bxc4 dxc4 42. Qc1 a5 43. Nd2 Rc6 44. a3 Ra4 45. Qc2 Rxa3 46. Qb2 Qd1 47. Qxa3 c3 48. Nb3 c2 49. Qc1 a4 50. Rg1 Qxg1+ 51. Kxg1 axb3 52. Rf1 Nh5 53. Qa3 Rc3 54. Qa7+ Kg8 55. Qb8+ Kh7 56. Qb7+ Kg8 57. Kf2 Nxg3 58. Ra1 Ne4+ 59. Kg2 Nd6 60. exd6 1-0

[Event "CZE-chT2D 1112"]
[White "Kratochvil, Josef"]
[Black "Smolej, Lukas"]
[Site "Czech Republic"]
[Round "7"]
[Result "1-0"]
[Date "2012.02.05"]
[WhiteElo "2233"]
[BlackElo "2031"]
[PlyCount "53"]
[EventDate "2011.10.09"]
[EventType "team-tourn"]
[EventRounds "11"]
[EventCountry "CZE"]
[SourceTitle "EXT 2013"]
[Source "ChessBase"]
[SourceDate "2012.11.22"]
[SourceVersion "1"]
[SourceVersionDate "2012.11.22"]
[SourceQuality "1"]
[WhiteTeam "Trebic Caissa"]
[BlackTeam "Hradec Kralove II"]
[WhiteTeamCountry "CZE"]
[BlackTeamCountry "CZE"]

1. e4 Nc6 2. Nc3 e5 3. Bc4 Nf6 4. d3 Bb4 5. Nge2 d5 6. exd5 Nxd5 7. 0-0 Nxc3 8. bxc3 Bd6 9. f4 0-0 10. Ng3 Qh4 11. Ne4 Bg4 12. Qd2 Be6 13. Nxd6 cxd6 14. Bxe6 fxe6 15. Ba3 Rad8 16. fxe5 Nxe5 17. Rxf8+ Kxf8 18. Qe2 Qg5 19. h4 Qe7 20. Re1 Kf7 21. Qh5+ Ng6 22. Qxh7 Nxh4 23. Bc1 Nf5 24. Rf1 Ke8 25. g4 Nh6 26. Bxh6 gxh6 27. Qg6+ 1-0

[Event "CZE-chT2D 1112"]
[White "Zikmund, Jaroslav"]
[Black "Smolej, Lukas"]
[Site "Czech Republic"]
[Round "1"]
[Result "0-1"]
[Date "2011.10.09"]
[WhiteElo "1928"]
[BlackElo "2031"]
[PlyCount "74"]
[EventDate "2011.10.09"]
[EventType "team-tourn"]
[EventRounds "11"]
[EventCountry "CZE"]
[SourceTitle "EXT 2013"]
[Source "ChessBase"]
[SourceDate "2012.11.22"]
[SourceVersion "1"]
[SourceVersionDate "2012.11.22"]
[SourceQuality "1"]
[WhiteTeam "Rychnov nad Kneznou"]
[BlackTeam "Hradec Kralove II"]
[WhiteTeamCountry "CZE"]
[BlackTeamCountry "CZE"]

1. d4 f5 2. c4 Nf6 3. Nc3 g6 4. Nf3 Bg7 5. g3 0-0 6. Bg2 d6 7. 0-0 Nc6 8. Re1 e5 9. dxe5 dxe5 10. Qxd8 Rxd8 11. Nb5 Rd7 12. Be3 a6 13. Nc3 e4 14. Ng5 Ng4 15. Bf4 Nd4 16. Rac1 h6 17. Nh3 g5 18. Be3 Nxe3 19. fxe3 Ne6 20. Red1 Bxc3 21. bxc3 Nc5 22. Nf2 Rxd1+ 23. Nxd1 Be6 24. Nb2 Rd8 25. Rd1 Rxd1+ 26. Nxd1 Bxc4 27. a3 Bxe2 28. Nf2 b5 29. Bf1 Bxf1 30. Kxf1 Na4 31. Nd1 Kf7 32. Ke2 Ke6 33. Kd2 Kd5 34. Nf2 g4 35. h3 h5 36. h4 Kc4 37. Kc2 Nxc3 0-1

[Event "Hradec Kralove Sten op"]
[White "Cizinsky, Petr"]
[Black "Smolej, Lukas"]
[Site "Hradec Kralove"]
[Round "2"]
[Result "0-1"]
[Date "2011.05.09"]
[WhiteElo "2158"]
[BlackElo "1945"]
[PlyCount "54"]
[EventDate "2011.05.08"]
[EventType "swiss"]
[EventRounds "9"]
[EventCountry "CZE"]
[SourceTitle "CBM 142 Extra"]
[Source "ChessBase"]
[SourceDate "2011.06.27"]
[SourceVersion "1"]
[SourceVersionDate "2011.06.27"]
[SourceQuality "1"]

1. e4 e5 2. f4 d5 3. exd5 exf4 4. Nf3 Nf6 5. Nc3 Nxd5 6. Bc4 Be6 7. Qe2 Be7 8. 0-0 Nc6 9. d4 0-0 10. Ne4 Bg4 11. c3 Qd7 12. Bxd5 Qxd5 13. Bxf4 Rae8 14. Qc2 Bf5 15. Nfd2 Bh4 16. g3 Bxe4 17. Nxe4 Rxe4 18. gxh4 Nxd4 19. Rad1 Re2 20. Qxe2 Nxe2+ 21. Kf2 Qc4 22. Be3 Re8 23. Rfe1 Nf4 24. Rd4 Nd3+ 25. Ke2 Rxe3+ 26. Kxe3 Qxd4+ 27. cxd4 Nxe1 0-1